Avenues de Paris avec le nom des portes de Paris - Statistiques

Statistiques générales
  • Ce quiz a été pris 56 fois
  • Le résultat moyen est 12 sur 23
Statistiques - réponses
Hint Réponse % Correct
Pays de la pizza. Avenue de la Porte-d'Italie
98%
Les vaches y broutent. Avenue de la Porte-du-Pré-Saint-Gervais
98%
Mondialement connue pour ses puces. Avenue de la Porte-de-Saint-Ouen
80%
Son parc, inauguré en 1987, est connu, notamment, pour sa géode. Avenue de la Porte-de-la-Villette
70%
Lieux attaché aux Internationaux de France (Roland-Garros). Avenue de la Porte-d'Auteuil
68%
On s'y rend pour prier. Elle peut être sainte si à Paris. Avenue de la Porte-de-la-Chapelle
66%
Une station de la ligne 2 du métro parisien porte ce même nom. Avenue de la Porte-de-Villiers
66%
Il peut être "sur-Seine" "le-François" "sur-Orne" "en-Artois". Avenue de la Porte-de-Vitry
66%
Ville du département de Haute-Marne dont elle est la préfecture. Avenue de la Porte-Chaumont
64%
Cette maison est une branche cadette de la maison de France. Avenue de la Porte-d'Orléans
61%
Commune chère au personnage joué par Gad Elmaleh dans Coco. Avenue de la Porte-de-Clichy
59%
Commune de Seine-Saint-Denis, où se tenait une manufacture d'allumettes. Avenue de la Porte-d'Aubervilliers
57%
Outre son château, cette ville serait reconnue pour la qualité de son beurre. Avenue de la Porte-de-Vanves
55%
Le 7 août 1918, un obus lancé par la Grosse Bertha explose sur les fortifications entre cette porte et une autre port de ce quizz. Avenue de la Porte-de-Clignancourt
52%
Ville bastion historique du Parti communiste français, qui connut une rénovation brutaliste dans les années 1970. Avenue de la Porte-d'Ivry
52%
Désigne un arbrisseau ornemental originaire de la péninsule des Balkans. Avenue de la Porte-des-Lilas
45%
Commune créée en 1790 qui était alors nommée Conflans-l'Archevêque. Avenue de la Porte-de-Charenton
36%
Mondialement connue pour sa manufacture des cristaux de la Reine ainsi que sa manufacture nationale de porcelaine. Avenue de la Porte-de-Sèvres
36%
Fût rendue célèbre grâce à sketch de Fernand Raynaud. Avenue de la Porte-d'Asnières
32%
Porte qui, autrefois lieu-dit, fût nommé ainsi du nom de son propriétaire. Avenue de la Porte-de-Champerret
30%
Ordralfabétix fait partie de cette confrérie. Avenue de la Porte-des-Poissonniers
23%
A "éblouissant" pour antonyme. Avenue de la Porte-des-Ternes
18%
Située dans le 15ème arrondissement de Paris, elle a pour commune limitrophe le nom d'une ville d'une autre porte de ce quizz. Avenue de la Porte-de-la-Plaine
5%
Aucun quiz correspondant
Distribution des résultats
% des personnes avec chaque résultat
Percentile par nombre de réponses
Votre historique - résultats
Vous n’avez pas pris ce quiz